Ubicación taxonómica de la familia Melastomataceae: Magnoliopsida Rosidae Myrtales Melatomaceae (Registro nro. 11298)

Detalles MARC
000 -CABECERA
Campo de control 005510000a22001690004500
090 ## - CLASIFICACIÓN LOCAL
Colección AR
Consecutivo 02226
041 0# - IDIOMA
Código de idioma para texto/pista de sonido o título separado
100 1# - ASIENTO PRINCIPAL--NOMBRE PERSONAL
Nombre personal Lozano Contreras, Gustavo
245 10 - MENCION DE TITULO
Título Ubicación taxonómica de la familia Melastomataceae: Magnoliopsida Rosidae Myrtales Melatomaceae
650 14 - ASIENTO SECUNDARIO DE MATERIA - TERMINO TEMATICO
Término temático o nombre geográfico como elemento de entrada Botánica
650 14 - ASIENTO SECUNDARIO DE MATERIA - TERMINO TEMATICO
Término temático o nombre geográfico como elemento de entrada Taxonomía vegetal
650 14 - ASIENTO SECUNDARIO DE MATERIA - TERMINO TEMATICO
Término temático o nombre geográfico como elemento de entrada Morfología vegetal
651 #4 - ASIENTO SECUNDARIO DE MATERIA - NOMBRE GEOGRAFICO
-- Colombia
653 ## - TERMINO DE INDIZACION - NO CONTROLADO
-- Melastomataceae
773 1# - Item fuente:
Título Resumen del Curso de Melastomataceae, 1994
Especificación de materiales 1196
Paginas del Articulo 1-18
Lugar, editorial y fecha de publicación 1994
942 ## - ELEMENTOS ADICIONALES (KOHA)
Tipo de ítem Artículo
Existencias
Withdrawn status Lost status Damaged status No para préstamo Colección Ubicación Permanente Ubicación actual Fecha de adquisición Fuente de Valor Datos de publicación Seriada Total Checkouts Número topográfico Inventario / Código de Barras Date last seen Ejemplar Price effective from Forma de adquisición Tipo de material
      No para Préstamo Hemeroteca Bogotá Bogotá 27/02/2015 Academia Colombiana de Ciencias Exactas, Físicas y Naturales Fuera de circulación   AR 02226 012612 25/03/2015 1 25/03/2015   Artículo